[Event "Donihue U2200 op"]
[Site "Donihue"]
[Date "2014.01.31"]
[Round "1"]
[White "Escudero Donoso, Felipe"]
[Black "El Sheikh Munoz, Mohamed Luis"]
[Result "1-0"]
[WhiteElo "2095"]
[BlackElo "1900"]
[PlyCount "103"]
[EventDate "2014.01.31"]
[EventType "swiss"]
[EventRounds "7"]
[EventCountry "CHI"]
[SourceTitle "EXT 2015"]
[Source "ChessBase"]
[SourceDate "2014.11.20"]
[SourceVersion "1"]
[SourceVersionDate "2014.11.20"]
[SourceQuality "1"]

1. e4 c5 2. c3 d5 3. exd5 Qxd5 4. d4 Nf6 5. Nf3 e6 6. Be2 Nc6 7. 0-0 cxd4 8. cxd4 Be7 9. Nc3 Qd8 10. Re1 0-0 11. a3 b6 12. Bg5 Bb7 13. Rc1 Rc8 14. Bd3 h6 15. Bh4 Rc7 16. Qa4 Rd7 17. Red1 Qa8 18. Ne2 a6 19. Bb1 Rfd8 20. Qc2 g6 21. Bg3 Na5 22. b4 Rc8 23. Qd2 Nc4 24. Qxh6 Be4 25. Nf4 Bxb1 26. Rxb1 Bf8 27. Qh4 Kg7 28. Re1 Be7 29. Nd3 Nxa3 30. Rbc1 Rxc1 31. Rxc1 Qe4 32. Nde5 Qxh4 33. Bxh4 Rb7 34. Nd3 a5 35. bxa5 bxa5 36. Nc5 Ra7 37. Ne5 Rc7 38. Bg3 Rc8 39. Nxe6+ fxe6 40. Rxc8 Nd5 41. Ra8 Bb4 42. Ra7+ Kh6 43. Nf7+ Kh5 44. h4 Nb5 45. Ra8 Nxd4 46. f3 g5 47. Rg8 Bd2 48. hxg5 Ne2+ 49. Kf2 Nxg3 50. Kxg3 a4 51. Kh2 Bf4+ 52. Kh3 1-0